<?xml version="1.0" encoding="UTF-8"?>
<record
    xmlns:xsi="http://www.w3.org/2001/XMLSchema-instance"
    xsi:schemaLocation="http://www.loc.gov/MARC21/slim http://www.loc.gov/standards/marcxml/schema/MARC21slim.xsd"
    xmlns="http://www.loc.gov/MARC21/slim">

  <leader>00620nam a2200181   4500</leader>
  <controlfield tag="003">LK-CoMWRAF</controlfield>
  <controlfield tag="005">20240217003530.0</controlfield>
  <controlfield tag="008">231210b        |||||||| |||| 00| 0 eng d</controlfield>
  <datafield tag="020" ind1=" " ind2=" ">
    <subfield code="a">9789556250381</subfield>
  </datafield>
  <datafield tag="040" ind1=" " ind2=" ">
    <subfield code="a">LK-CoMWRAF</subfield>
    <subfield code="d">LK-CoMWRAF</subfield>
    <subfield code="e">LK-CoMWRAF</subfield>
  </datafield>
  <datafield tag="041" ind1=" " ind2=" ">
    <subfield code="a">tam</subfield>
  </datafield>
  <datafield tag="082" ind1=" " ind2=" ">
    <subfield code="a">297.27</subfield>
    <subfield code="b">MAK</subfield>
  </datafield>
  <datafield tag="100" ind1=" " ind2=" ">
    <subfield code="a">&#xBAE;&#xB95;&#xBCD;&#xB95;&#xBBF;, &#xB8F;. &#xB8F;&#xBAE;&#xBCD;. &#xBAE;&#xBC1;&#xB95;&#xBAE;&#xBCD;&#xBAE;&#xB9F;&#xBCD; </subfield>
  </datafield>
  <datafield tag="245" ind1=" " ind2=" ">
    <subfield code="a">&#xB95;&#xBBE;&#xBA4;&#xBBF;  &#xBA8;&#xBC0;&#xBA4;&#xBCD;&#xBAA;&#xBA4;&#xBCD;&#xB95;&#xBB3;&#xBC1;&#xB95;&#xBCD;&#xB95;&#xBBE;&#xBA9;  &#xB92;&#xBAE;&#xBC1;&#xB95;&#xBCD;&#xB95;&#xBBE;&#xBB1;&#xBCD;&#xBB1;&#xBC1;  &#xBB5;&#xBBF;&#xBAE;&#xBBF;&#xB95;&#xBB3;&#xBCD;</subfield>
  </datafield>
  <datafield tag="260" ind1=" " ind2=" ">
    <subfield code="a">Colombo :</subfield>
    <subfield code="b">Muslim Women's Research and Action Forum - MWRAF,</subfield>
    <subfield code="c">2011</subfield>
  </datafield>
  <datafield tag="300" ind1=" " ind2=" ">
    <subfield code="a">20 p.</subfield>
  </datafield>
  <datafield tag="942" ind1=" " ind2=" ">
    <subfield code="c">BK</subfield>
  </datafield>
  <datafield tag="952" ind1=" " ind2=" ">
    <subfield code="0">0</subfield>
    <subfield code="1">0</subfield>
    <subfield code="4">0</subfield>
    <subfield code="7">0</subfield>
    <subfield code="8">RAFP</subfield>
    <subfield code="a">MAIN</subfield>
    <subfield code="b">MAIN</subfield>
    <subfield code="d">2023-12-10</subfield>
    <subfield code="l">0</subfield>
    <subfield code="o">297.27 MAK</subfield>
    <subfield code="p">RAF3551</subfield>
    <subfield code="r">2023-12-10</subfield>
    <subfield code="w">2023-12-10</subfield>
    <subfield code="y">BK</subfield>
  </datafield>
  <datafield tag="952" ind1=" " ind2=" ">
    <subfield code="0">0</subfield>
    <subfield code="1">0</subfield>
    <subfield code="4">0</subfield>
    <subfield code="7">0</subfield>
    <subfield code="8">RAFP</subfield>
    <subfield code="a">MAIN</subfield>
    <subfield code="b">MAIN</subfield>
    <subfield code="d">2023-12-10</subfield>
    <subfield code="l">0</subfield>
    <subfield code="o">297.27 MAK</subfield>
    <subfield code="p">RAF3555</subfield>
    <subfield code="r">2023-12-10</subfield>
    <subfield code="w">2023-12-10</subfield>
    <subfield code="y">BK</subfield>
  </datafield>
  <datafield tag="952" ind1=" " ind2=" ">
    <subfield code="0">0</subfield>
    <subfield code="1">0</subfield>
    <subfield code="4">0</subfield>
    <subfield code="7">0</subfield>
    <subfield code="8">RAFP</subfield>
    <subfield code="a">MAIN</subfield>
    <subfield code="b">MAIN</subfield>
    <subfield code="d">2023-12-10</subfield>
    <subfield code="l">0</subfield>
    <subfield code="o">297.27 MAK</subfield>
    <subfield code="p">RAF3621</subfield>
    <subfield code="r">2023-12-10</subfield>
    <subfield code="w">2023-12-10</subfield>
    <subfield code="y">BK</subfield>
  </datafield>
  <datafield tag="999" ind1=" " ind2=" ">
    <subfield code="c">4328</subfield>
    <subfield code="d">4328</subfield>
  </datafield>
</record>
